| 000 | 00580nam a2200193Ia 4500 | ||
|---|---|---|---|
| 003 | LDD | ||
| 008 | 181029s9999 xx 000 0 und d | ||
| 020 |
_a9781609605018 _c _180.00 |
||
| 040 | _cLDD | ||
| 100 | _aBak, Ozlem | ||
| 245 | 0 |
_aImpact of e-business technologies on public and private oranizations _bindustry c _cOzlem Bak |
|
| 260 |
_aHershey _bBISR _c2011 |
||
| 300 | _axix, 344p. | ||
| 365 |
_b _180.00 |
||
| 901 |
_a7729 _b26-09-2011 |
||
| 902 |
_a2477 _b14-10-2011 _cF _dTHE-BS _e65 |
||
| 903 |
_aDiscount-15 _bReqst by : Naval Kishor |
||
| 942 |
_2ddc _cBK |
||
| 999 |
_c99093 _d99093 |
||